000 00767nam a2200253Ia 4500
003 OSt
005 20220918164606.0
006 a|||||r|||| 00| 0
007 ta
008 220917b |||||||| |||| 00| 0 eng d
020 _a0700704493 (hbk)
024 _a125,232
037 _cTextual
040 _aARTS
_cARTS
_beng
041 _2eng
_aeng
082 _aQ45:22522, N7
100 _aKyokai
_919642
245 0 _aMiraculous stories from the Japanese Buddhist tradition
_b the Nihon Kyokai of the Monk Kyokai; translated and edited by Kyokai Motomochi Nakamura
260 _aSurrey
_bCurzon Press
_c1997
300 _axii, 322p.
_ccm.
650 _aRELIGION
942 _hQ45:22522, N7
_cTEXL
_2CC
999 _c125503
_d125503